000 01605nam a2200457 i 4500
001 51712
003 KOSZ 005
005 20220325103015.0
008 051117s2005 pl a f |000 0 pol
015 _aPB 2005/21109
040 _aWA N
_cWA N
_dKOSZ 005/HR
041 0 _apol
_beng
_brus
046 _k2005
080 _a624.2/.8
080 _a004.67
080 _a678.7
080 _a539.3/.6
100 1 _aŁagoda, Marek
_d(1948- )
_eAutor
245 1 0 _aWzmacnianie mostów przez doklejanie elementów /
_cMarek Łagoda.
260 _aKraków :
_bWydawnictwo PK,
_c2005.
300 _a247 s. :
_bfot. (w tym kolor.), rys., wykr. ;
_c24 cm.
380 _aKsiążki
380 _aPublikacje naukowe
388 _a2001-
490 1 _aMonografia / Politechnika Krakowska im. Tadeusza Kościuszki. Inżynieria lądowa.
500 _aISSN i nr serii gł.: 0860-097X ; 322.
504 _aBibliogr. s. 224-242.
546 _aStreszcz. ang., ros.
650 4 _aKompozyty
650 4 _aMosty
650 4 _aMechanika budowli
650 4 _aRemont
650 4 _aKlejenie
658 _aArchitektura i budownictwo
658 _aTransport i logistyka
710 2 _aWydawnictwo Politechniki Krakowskiej
_4pbl.
830 0 _aMonografia - Politechnika Krakowska im. Tadeusza Kościuszki.
_pInżynieria Lądowa
830 0 _aMonografia - Politechnika Krakowska im. Tadeusza Kościuszki
_v322
856 _uhttp://koha.tu.koszalin.pl/cgi-bin/koha/opac-detail.pl?biblionumber=51712
_yKatalog online BPK
942 _2UKD
_cKS
999 _c51712
_d51712